00622nam a22002297a 4500999001900000005001700019010001300036020001800049035001300067037000800080082001200088100001500100245001400115260001400129270001400143300003200157490003100189500001900220700002700239942002600266952010000292 c189862d18986220220713165440.0 aB-021019 a9788171816842 aB-021019 adpl a523.112 aCHILD BOOK aGalaxies  aNew Delhi bNew Delhi a30p.bill (col)c29 cm (Hb) aScience in our environment aage 7-11 group aJauhry, Anupama939785 2ddccCHmKUMh523.112 00104070aZLSbZLSd2022-07-13l0o523.112 KUMpB-021019r2022-07-13 00:00:00w2022-07-13yCH